Faculty of Law Library — Cairo University

Official Online Catalog

الوجيز في تأديب العاملين بالحكومة والقطاع العام : (Record no. 52062)

MARC details
000 -LEADER
fixed length control field 01332nam a2200349 i 4500
003 - CONTROL NUMBER IDENTIFIER
control field EG-GICUC
005 - DATE AND TIME OF LATEST TRANSACTION
control field 20260121101530.0
008 - FIXED-LENGTH DATA ELEMENTS--GENERAL INFORMATION
fixed length control field 251221s1986 ua ||||fr|||| 00| 0 ara d
017 ## - COPYRIGHT OR LEGAL DEPOSIT NUMBER
Copyright or legal deposit number 1986/3808
020 ## - INTERNATIONAL STANDARD BOOK NUMBER
International Standard Book Number 9770110213
040 ## - CATALOGING SOURCE
Original cataloging agency EG-GICUC
Language of cataloging ara
Transcribing agency EG-GICUC
Modifying agency EG-GICUC
Description conventions rda
041 0# - LANGUAGE CODE
Language code of text/sound track or separate title ara
082 04 - DEWEY DECIMAL CLASSIFICATION NUMBER
Edition number 21
Classification number 345.4551
Item number ز ك . و
092 04 - LOCALLY ASSIGNED DEWEY CALL NUMBER (OCLC)
Edition number 21
099 ## - LOCAL FREE-TEXT CALL NUMBER (OCLC)
Classification number Law1 07 345.4551 ز ك . و 2 ed - 1986
100 0# - MAIN ENTRY--PERSONAL NAME
Personal name زكى محمد النجار
Relator term مؤلف.
245 12 - TITLE STATEMENT
Title الوجيز في تأديب العاملين بالحكومة والقطاع العام :
Remainder of title دراسة نظرية تطبيقية /
Statement of responsibility, etc. دكتور زكى محمد النجار.
250 ## - EDITION STATEMENT
Edition statement الطبعة الثانية
264 #1 - PRODUCTION, PUBLICATION, DISTRIBUTION, MANUFACTURE, AND COPYRIGHT NOTICE
Place of production, publication, distribution, manufacture القاهرة :
Name of producer, publisher, distributor, manufacturer الهيئة المصرية العامة للكتاب،
Date of production, publication, distribution, manufacture, or copyright notice 1986.
300 ## - PHYSICAL DESCRIPTION
Extent 256 صفحة ؛
Dimensions 24 سم.
336 ## - CONTENT TYPE
Source rda content
Content type term text
337 ## - MEDIA TYPE
Source rda media
Media type term Computer
338 ## - CARRIER TYPE
Source rda carrier
Carrier type term Online Resource
546 ## - LANGUAGE NOTE
Language note النص باللغة العربية
650 14 - SUBJECT ADDED ENTRY--TOPICAL TERM
Topical term or geographic name entry element تاديب العاملين بالقطاع العام
650 14 - SUBJECT ADDED ENTRY--TOPICAL TERM
Topical term or geographic name entry element القانون الإدارى
700 ## - ADDED ENTRY--PERSONAL NAME
Personal name عفاف توفيق
Relator term مراجع.
700 ## - ADDED ENTRY--PERSONAL NAME
Personal name سهير معطى
Relator term مراجع.
856 40 - ELECTRONIC LOCATION AND ACCESS
Uniform Resource Identifier <a href="https://fll.law.cu.edu.eg/fulltext/bks/B07-01520.pdf">https://fll.law.cu.edu.eg/fulltext/bks/B07-01520.pdf</a>
905 ## - Cataloger and Reviser Names
Cataloger Name: Roqaia Ahmed
942 ## - ADDED ENTRY ELEMENTS (KOHA)
Source of classification or shelving scheme Dewey Decimal Classification
Koha item type Books
Edition 21
Suppress in OPAC No
Holdings
Withdrawn status Lost status Source of classification or shelving scheme Damaged status Not for loan Collection Home library Current library Date acquired Total checkouts Full call number Barcode Date last seen Copy number Price effective from Koha item type
    Dewey Decimal Classification     القانون الإداري جــــامعة القــاهرة مكتبة كلية الحقوق - المبنى الرئيسي 21.12.2025   Law1 07 345.4551 ز ك . و 2 ed - 1986 0701521 C2 B07-01521 21.12.2025 2 21.12.2025 Books
    Dewey Decimal Classification   Not for loan القانون الإداري جــــامعة القــاهرة مكتبة كلية الحقوق - المبنى الرئيسي 21.12.2025   Law1 07 345.4551 ز ك . و 2 ed - 1986 0701520 C1 B07-01520 21.12.2025 1 21.12.2025 Books
    Dewey Decimal Classification     القانون الإداري جــــامعة القــاهرة مكتبة كلية الحقوق - فـرع الشيخ زايد 27.04.2026   Law2 07 345.4551 ز ك . و 2 ed - 1986 0701534 C3 B07-01534 27.04.2026 3 27.04.2026 Books

© All rights reserved — Faculty of Law, Cairo University